000 00634nam a2200181Ia 4500
008 090124s9999 xx 000 0 und d
082 _b8334
100 _aकवीश्वर छबुताई
245 _a आणि सूडाग्नी गारठला !
250 _a1
260 _bसुरस प्रकाशन
_c1976
300 _a64
600 _aकवीश्वर छबुताई
630 _a आणि सूडाग्नी गारठला !
700 _aकवीश्वर छबुताई
730 _a आणि सूडाग्नी गारठला !
942 _cBOOK
999 _c84903
_d84903